000 00318 a2200157 4500
001 181651
020 _a
040 _cMagnum
100 _aAubry, Jean-Marie
240 1 0 _aDinamica de grupo
_lpor
245 1 0 _aDinamica de grupo
362 0 _a1899
440 1 _aLoyola
697 _aMAGNITO: GERAL
942 _cBK
999 _c181651
_d181651